| 000 | 00000nam##2200000za#4500 |
| 001 | 9.602274 |
| 003 | CaOODSP |
| 005 | 20210624210505 |
| 007 | cr ||||||||||| |
| 008 | 150406|2008||||xxc|||||o f|0| 0 fre|d |
| 040 | |aCaOODSP|bfre |
| 043 | |an-cn--- |
| 086 | 1 |aNH18-24/22-2008F-PDF |
| 110 | 2 |aSociété canadienne d'hypothèques et de logement. |
| 245 | 13|aLe filtre de votre générateur d'air chaud |h[ressource électronique] |
| 250 | |aRév. 2008 |
| 260 | |bSociété canadienne d'hypothèques et de logement |cc1999. |
| 300 | |a4p.|btableaux |
| 490 | 1 |aVotre maison |vCF22 |
| 590 | |a11-24-Supp|b2011-10-24 |
| 691 | 07|aChauffage|2gcpds |
| 691 | 07|aQualité de l'air|2gcpds |
| 775 | 08|tYour furnace filter |w(CaOODSP)9.571854 |
| 830 | #0|aVotre maison ;|vCF22|w(CaOODSP)9.501787 |
| 856 | 40|ahttp://publications.gc.ca|qPDF|s109 Ko|uhttps://publications.gc.ca/collections/collection_2011/schl-cmhc/nh18-24/NH18-24-22-2008-fra.pdf|yCF22 |